| 000 | 00424nam a22001337a 4500 | ||
|---|---|---|---|
| 040 | _cNUST | ||
| 082 | _a220 PRO | ||
| 100 |
_aIbrahim Ahmad Usman _986246 |
||
| 110 |
_aSupervisor Assistant Professor Sobia Hayee _986247 |
||
| 245 | _aPR-SOF-2081-Sentiment Analysis Using ML Classifiers and Recurrent Neural Network | ||
| 260 |
_aISLAMABAD: _bNUST COLLEGE OF EME, _c2021. |
||
| 650 |
_aDE-ELECT-39 _986248 |
||
| 942 |
_2ddc _cPR |
||
| 999 |
_c587264 _d587264 |
||